| 000 | 00555nam a2200217 4500 | ||
|---|---|---|---|
| 003 | LK-CoMWRAF | ||
| 005 | 20240106113743.0 | ||
| 008 | 231203b |||||||| |||| 00| 0 eng d | ||
| 040 |
_aLK-CoMWRAF _dLK-CoMWRAF _eLK-CoMWRAF |
||
| 041 | _aeng | ||
| 082 |
_a652.3024 _bHEE |
||
| 100 | _aHeelis, Frederick | ||
| 245 |
_aPitman's horizontal method : _bbusiness typewriting |
||
| 250 | _a8th ed. | ||
| 260 |
_aBeirut: _bDar-al-kalam, |
||
| 300 | _a114 p. | ||
| 650 | _aTYPEWRITING | ||
| 700 | _aCulliford, E. | ||
| 700 | _aWilliams, E.B. | ||
| 942 | _cBK | ||
| 999 |
_c4279 _d4279 |
||